Statistics for U.S States With More People Than New York City

Click here to take the quiz!

General Stats

  • This quiz has been taken 56 times
  • The average score is 9 of 11

Answer Stats

PopulationAnswer% Correct
39,512,223California
100%
28,995,881Texas
98%
21,477,737Florida
96%
12,671,821Illinois
87%
12,801,989Pennsylvania
87%
10,488,084North Carolina
85%
11,689,100Ohio
83%
9,986,857Michigan
81%
10,617,423Georgia
79%
10,649,371New York
66%
8,882,190New Jersey
57%

Score Distribution

Percentile by Number Answered

Percent of People with Each Score

Your Score History

You have not taken this quiz